000
00417nam a2200145Ia 4500
008
100122s9999 xx 000 0 und d
082
_b
17083
_a
Nill
100
_a
शुक्ल रामशंकर
245
_a
हिंदीकोश
260
_b
रामनारायण लाल
_c
1937
300
_a
1908
630
_a
हिंदीकोश
730
_a
हिंदीकोश
942
_c
BOOK
999
_c
382818
_d
382815